| 000 | 01303nab a22002897a 4500 | ||
|---|---|---|---|
| 999 |
_c6575 _d6575 |
||
| 003 | OSt | ||
| 005 | 20260225134515.0 | ||
| 008 | 190506c xxu||||| |||| 00| 0 spa d | ||
| 040 | _cPJ | ||
| 100 |
_96819 _aCalderón, Daniela Agostina |
||
| 245 | 1 | 3 |
_aEl impacto de la IA en las relaciones del trabajo : _bproximación al metaverso / _cDaniela Agostina Calderón. |
| 260 |
_aBuenos Aires : _bAbeledoPerrot, _c2025. |
||
| 300 | _ap. 25-30 | ||
| 500 | _aCita: TR LALEY AR/DOC/536/2025. | ||
| 505 | _aSumario: I. Breve síntesis.— II. Introducción al concepto de Inteligencia Artificial.— III. La IA en el derecho del trabajo es una realidad.— IV. Aproximación del metaverso en el derecho del trabajo.— V. Conclusiones. | ||
| 505 | _t¿Te interesa el texto completo? Comunicate al correo: koha@justierradelfuego.gov.ar | ||
| 650 | 0 |
_91316 _aDERECHO LABORAL |
|
| 650 | 0 |
_9273 _aDERECHO INFORMATICO |
|
| 650 | 0 |
_9289 _aTECNOLOGIA DE LA INFORMACION |
|
| 650 | 0 |
_96081 _aCIENCIA Y TECNOLOGÍA |
|
| 650 | 0 |
_95233 _aPANDEMIA |
|
| 650 | 0 |
_95817 _aINTELIGENCIA ARTIFICIAL |
|
| 650 | 0 |
_94439 _aTELETRABAJO |
|
| 650 | 0 |
_91323 _aCONTRATO DE TRABAJO |
|
| 773 | 0 |
_02751 _93202 _dBuenos Aires : AbeledoPerrot, 2013- _tRevista de derecho laboral y seguridad social. Nº 8- Abril 2025 |
|
| 942 |
_2udc _cANA |
||